000 01418nam a22002417a 4500
999 _c60077
_d60077
003 Ge_BSU
005 20230605154745.0
008 230605s2018 ge ||||| |||| 00| 0 geo d
020 _a9788378932000
041 _ageo
080 _a82-93:821.353.1-91-34 ხ-93
100 _aხუნდაძე, ხათუნა
_eშემდგენელი
_918439
245 _aრწყილი და ჭიანჭველა :
_bქართული ხალხური ზღაპრის მიხედვით /
_cშემდგ. ხათუნა ხუნდაძე; მხატვ. ბესო ხიდაშელი; რედ.: მზია ქურცაძე, ქეთევან ჯანელიძე; დიზაინი დავით ჯანიაშვილი.
264 _c2018.
300 _a40 გვ. :
_bილ.
_c22 სმ.
653 _aქართული ხალხური ზღაპარი
653 _aრწყილი და ჭიანჭველა
700 _aხიდაშელი, ბესო
_eმხატვარი
_918474
700 _aქურცაძე, მზია
_eრედაქტორი
_918475
700 _aჯანელიძე, ქეთევან
_eრედაქტორი
_918476
700 _aჯანიაშვილი, დავით
_eდიზაინი
_918298
942 _2udc
_cBK